000 00879nac a22002657a 4500
001 BR8302412
003 BR-BrBNA
005 20240105115726.0
008 230509b bl.|||m| |||| 00| 0 por d
040 _aBR-BrBNA
_bpor
_cBiblioteca Nacional de Agricultura
072 _aF28
090 _aF28 BR8302412
100 1 _aJorge, J.A.
110 1 _aInstituto Agronomico, Campinas, SP (Brasil)
245 1 _aCompactacao do solo: causas, consequencias e maneiras de evitar sua ocorrencia [conservacao do solo, Brasil]
260 3 _aCampinas, SP (Brasil):
_c1983.
300 _a22 p.
490 _aCircular - Instituto Agronomico (Brazil)
_vno. 117
_xISSN 0100-3402
500 _a7 illus.; 8 ref.; Summaries (En, Pt)
650 _aSOLO
650 _aCOMPACTACAO DO SOLO
650 _aSUBSOLAGEM
909 _a202312
_bLúcia Elande
_c55
_dLúcia Elande
942 _2AGRIS
_n0
_cMS
999 _c276096
_d276096